000 01407nam a2200349 i 4500
003 DO-SdBNP
005 20250307102449.0
007 ta
008 240703s2023 dr 001 0 spa d
020 _a9789945250695
040 _aDO-SdBNP
_bspa
_cBNPHU
_erda
082 _a972.9304
_bA473r
_222
100 1 _aÁlvarez-Pina, Damián
_d1987-
_eautor
_985936
245 1 0 _aRepública Dominicana en la prensa internacional :
_bcolección para el estudio de la independencia (1844) /
_cDamián Álvarez Pina ; presentación Daniel García Santos
264 1 _aSanto Domingo :
_bAGN,
_c2023.
300 _a371 páginas,
_c23 cm.
336 _2rdacontent
_atexto
_btxt
337 _2rdamedia
_asin mediación
_bn
338 _2rdacarrier
_avolumen
_bnc
490 1 _aArchivo General de la Nacion
_v489
500 _aIncluye datos biográficos del autor en la solapa de la portada.
500 _aIncluye índice onomástico.
500 _aIncluye índice de embarcaciones (1844).
504 _aBibliografía p: 347-358.
586 _aPremio Nacional de Historia AGN Vetilio Alfau Durán 2022. Compilación Documental.
590 _aInventariado, 2024/ YL
650 4 _xHistoria
_y1844
_zRepública Dominicana
_985937
700 1 _aGarcía Santos, Daniel
_epresentación
_985934
710 2 _aArchivo General de la Nación (República Dominicana)
_985400
910 _aYLockward
942 _2ddc
_cLBS1
999 _c57126
_d57126